[Event "Tradewise Gibraltar ChallWk1"]
[Site "Gibraltar"]
[Date "2017.01.27"]
[Round "5.20"]
[White "Korning, Peter"]
[Black "Press, Harry"]
[Result "0-1"]
[WhiteElo "2080"]
[BlackElo "1892"]
[PlyCount "96"]
[EventDate "2017.01.23"]
[EventType "swiss"]
[EventRounds "5"]
[EventCountry "GGB"]
[SourceTitle "BritBase"]
[Source "www.saund.co.uk"]
[SourceDate "2018.02.10"]
[SourceVersion "1"]
[SourceVersionDate "2018.02.10"]
[SourceQuality "1"]

1. e4 e5 2. Nf3 Nc6 3. Bb5 a6 4. Bxc6 dxc6 5. O-O Bg4 6. h3 h5 7. d3 Qf6 8. Be3
Bxf3 9. Qxf3 Qxf3 10. gxf3 Bd6 11. Nd2 O-O-O 12. Rfb1 Ne7 13. Kf1 f6 14. b4 g5
15. c4 Ng6 16. b5 cxb5 17. cxb5 a5 18. Nc4 b6 19. Rc1 Kb7 20. Ke2 Bb4 21. Rc2
Nf4+ 22. Bxf4 gxf4 23. Rac1 Rhg8 24. a3 Bf8 25. d4 exd4 26. Kd3 Rg5 27. e5 fxe5
28. Nd2 Rg7 29. Re1 Rd5 30. Nc4 Rxb5 31. a4 Rb3+ 32. Ke4 d3 33. Rb2 Rxb2 34.
Nxb2 d2 35. Rd1 Bb4 36. Nc4 c6 37. Nxe5 Re7 38. Kf5 Bc3 39. Nc4 Re1 40. Rxd2
Bxd2 41. Nxd2 b5 42. Kxf4 bxa4 43. Nc4 Rc1 44. Na3 Rc3 45. Nb1 Rb3 46. Nd2 Rb2
47. Ne4 a3 48. Nc5+ Ka7 0-1

[Event "Tradewise Gibraltar ChallWk1"]
[Site "Gibraltar"]
[Date "2017.01.27"]
[Round "5.21"]
[White "Amgalanbaatar, Ravdanlkhumbuu"]
[Black "Ungureanu, Sandu"]
[Result "1/2-1/2"]
[WhiteElo "1988"]
[BlackElo "2071"]
[PlyCount "99"]
[EventDate "2017.01.23"]
[EventType "swiss"]
[EventRounds "5"]
[EventCountry "GGB"]
[SourceTitle "BritBase"]
[Source "www.saund.co.uk"]
[SourceDate "2018.02.10"]
[SourceVersion "1"]
[SourceVersionDate "2018.02.10"]
[SourceQuality "1"]

1. e4 e6 2. b3 d5 3. Bb2 dxe4 4. Nc3 Nf6 5. Qe2 Be7 6. O-O-O Bd7 7. g4 Bc6 8.
Bg2 Nbd7 9. h4 h6 10. Nh3 Nc5 11. g5 hxg5 12. hxg5 Nd5 13. Nxe4 Nxe4 14. Bxe4
Nb4 15. g6 f6 16. Bxc6+ Nxc6 17. Qxe6 Rf8 18. d4 Qd7 19. Rhe1 Qxe6 20. Rxe6 Kd7
21. d5 Rae8 22. Rde1 Nb8 23. Nf4 Bc5 24. Rxe8 Rxe8 25. Rxe8 Kxe8 26. Ne6 Bxf2
27. Nxg7+ Kf8 28. Bxf6 Nd7 29. Bb2 Bg3 30. Nf5 Be5 31. Bxe5 Nxe5 32. g7+ Kf7
33. c4 Nd7 34. Nd4 Kxg7 35. Ne6+ Kf6 36. Nxc7 Ke5 37. Kc2 Nc5 38. b4 Nd7 39.
Kc3 Nf6 40. c5 Nxd5+ 41. Nxd5 Kxd5 42. a4 a5 43. Kb3 Kc6 44. bxa5 Kxc5 45. Kc3
Kc6 46. Kd4 Kc7 47. Ke5 b6 48. a6 Kb8 49. a7+ Kxa7 50. Ke4 1/2-1/2

[Event "Tradewise Gibraltar ChallWk1"]
[Site "Gibraltar"]
[Date "2017.01.27"]
[Round "5.23"]
[White "Jimenez Ruiz, Jose Carlos"]
[Black "Van Dongen, Edwin"]
[Result "1/2-1/2"]
[WhiteElo "1899"]
[BlackElo "2043"]
[PlyCount "20"]
[EventDate "2017.01.23"]
[EventType "swiss"]
[EventRounds "5"]
[EventCountry "GGB"]
[SourceTitle "BritBase"]
[Source "www.saund.co.uk"]
[SourceDate "2018.02.10"]
[SourceVersion "1"]
[SourceVersionDate "2018.02.10"]
[SourceQuality "1"]

1. c4 f5 2. g3 Nf6 3. Bg2 e6 4. Nf3 Be7 5. O-O O-O 6. Nc3 d6 7. d3 Qe8 8. e4 e5
9. exf5 Nc6 10. d4 Bxf5 1/2-1/2

[Event "Tradewise Gibraltar ChallWk1"]
[Site "Gibraltar"]
[Date "2017.01.27"]
[Round "5.24"]
[White "Sedgwick, David"]
[Black "Carrascoso Morales, Abel"]
[Result "1/2-1/2"]
[WhiteElo "1943"]
[BlackElo "2200"]
[PlyCount "30"]
[EventDate "2017.01.23"]
[EventType "swiss"]
[EventRounds "5"]
[EventCountry "GGB"]
[SourceTitle "BritBase"]
[Source "www.saund.co.uk"]
[SourceDate "2018.02.10"]
[SourceVersion "1"]
[SourceVersionDate "2018.02.10"]
[SourceQuality "1"]

1. e4 c5 2. c3 d6 3. d4 Nd7 4. Nf3 g6 5. Bc4 Nb6 6. Bb3 cxd4 7. cxd4 Nf6 8. Nc3
Bg7 9. O-O O-O 10. Qe2 d5 11. e5 Ne8 12. Bf4 Bg4 13. h3 Bxf3 14. Qxf3 Nc7 15.
Rac1 Rc8 1/2-1/2

[Event "Tradewise Gibraltar ChallWk1"]
[Site "Gibraltar"]
[Date "2017.01.27"]
[Round "5.25"]
[White "Mircov, Nicola-Alexandar"]
[Black "Carlsten, Peter"]
[Result "1-0"]
[WhiteElo "1957"]
[BlackElo "2047"]
[PlyCount "51"]
[EventDate "2017.01.23"]
[EventType "swiss"]
[EventRounds "5"]
[EventCountry "GGB"]
[SourceTitle "BritBase"]
[Source "www.saund.co.uk"]
[SourceDate "2018.02.10"]
[SourceVersion "1"]
[SourceVersionDate "2018.02.10"]
[SourceQuality "1"]

1. e4 d6 2. d4 Nf6 3. Nc3 e5 4. f4 exd4 5. Qxd4 Nc6 6. Qd3 g6 7. h3 Bg7 8. Be3
O-O 9. O-O-O Re8 10. g4 h5 11. g5 Nh7 12. Nf3 Be6 13. f5 gxf5 14. exf5 Bxf5 15.
Qxf5 Rxe3 16. Bc4 Rxf3 17. Qxf3 Ne5 18. Qe2 Nxc4 19. Qxc4 Nxg5 20. Qh4 Ne6 21.
Qxh5 c6 22. Rhg1 d5 23. Ne4 Nf4 24. Rxg7+ Kxg7 25. Qe5+ f6 26. Qxf4 1-0

[Event "Tradewise Gibraltar ChallWk1"]
[Site "Gibraltar"]
[Date "2017.01.27"]
[Round "5.26"]
[White "Lapusan, Razvan"]
[Black "Bernstein, Nathan"]
[Result "1-0"]
[WhiteElo "1525"]
[BlackElo "2015"]
[PlyCount "97"]
[EventDate "2017.01.23"]
[EventType "swiss"]
[EventRounds "5"]
[EventCountry "GGB"]
[SourceTitle "BritBase"]
[Source "www.saund.co.uk"]
[SourceDate "2018.02.10"]
[SourceVersion "1"]
[SourceVersionDate "2018.02.10"]
[SourceQuality "1"]

1. e4 e6 2. d4 d5 3. exd5 exd5 4. c4 Nf6 5. Nc3 Be7 6. Bd3 dxc4 7. Bxc4 O-O 8.
Nge2 a6 9. O-O b5 10. Bb3 Bb7 11. a3 Nbd7 12. Qc2 Rc8 13. Bg5 Nb6 14. Rad1 Nfd5
15. Bxe7 Qxe7 16. Rd3 Rfe8 17. Rh3 g6 18. Qd2 Nc4 19. Bxc4 bxc4 20. Rg3 c5 21.
Nxd5 Bxd5 22. Nf4 Red8 23. Nh5 Kh8 24. Qh6 Qf8 25. Qg5 Rc6 26. Nf6 Qd6 27. Nxh7
Kxh7 28. Rh3+ Kg8 29. Qh6 Qf6 30. Qh7+ Kf8 31. Qh6+ Ke7 32. dxc5 Qxb2 33. Re3+
Re6 34. Rg3 Kd7 35. Qg5 Qe5 36. Qd2 Rc8 37. Qb4 Qc7 38. Rd1 Re5 39. Qxc4 Qxc5
40. Qxa6 Rc6 41. Qb7+ Ke6 42. Qb2 Qc2 43. Qa1 Re2 44. Qd4 Qc5 45. Qg4+ Kf6 46.
Qxe2 Re6 47. Qb2+ Ke7 48. h3 Qc6 49. Qb4+ 1-0

[Event "Tradewise Gibraltar ChallWk1"]
[Site "Gibraltar"]
[Date "2017.01.27"]
[Round "5.27"]
[White "Burke, Mitchell R"]
[Black "Mayank, Pal"]
[Result "1-0"]
[WhiteElo "1975"]
[BlackElo "1919"]
[PlyCount "143"]
[EventDate "2017.01.23"]
[EventType "swiss"]
[EventRounds "5"]
[EventCountry "GGB"]
[SourceTitle "BritBase"]
[Source "www.saund.co.uk"]
[SourceDate "2018.02.10"]
[SourceVersion "1"]
[SourceVersionDate "2018.02.10"]
[SourceQuality "1"]

1. e4 c5 2. Nc3 Nc6 3. f4 g6 4. Nf3 Bg7 5. Bb5 Nd4 6. O-O a6 7. Bd3 d6 8. Nxd4
cxd4 9. Ne2 Nf6 10. Kh1 O-O 11. Nxd4 Nxe4 12. Bxe4 Bxd4 13. Qf3 Qc7 14. c3 Bg7
15. f5 Rb8 16. d4 Bd7 17. Bg5 Rbe8 18. Rae1 b5 19. Bb1 Bc8 20. Qg3 f6 21. Bd2
gxf5 22. Bxf5 Bxf5 23. Rxf5 e6 24. Rh5 Qf7 25. Rh4 d5 26. Rh3 Qg6 27. Qf3 Qf5
28. Qxf5 exf5 29. Kg1 Rxe1+ 30. Bxe1 Re8 31. Kf2 Re4 32. Bd2 Kf7 33. Rxh7 Kg6
34. Rh3 Rg4 35. Rf3 Rh4 36. h3 Re4 37. Bf4 Kh5 38. Bd6 Kg6 39. Bf4 Kh5 40. Bd2
Kg6 41. g3 Bf8 42. Bf4 Kh5 43. Bd2 Kg6 44. a3 Bg7 45. Re3 Rxe3 46. Bxe3 Kh5 47.
Bf4 a5 48. a4 bxa4 49. Bc7 Bh6 50. Bf4 Bf8 51. Ke2 a3 52. bxa3 Bxa3 53. Kd3 Bb2
54. c4 dxc4+ 55. Kxc4 Kg6 56. d5 Ba3 57. Kb5 Bb4 58. h4 Kf7 59. h5 Bf8 60. Kxa5
Bc5 61. Kb5 Bd4 62. Kc6 Be5 63. d6 Bxd6 64. Kxd6 Kg7 65. Ke7 Kh7 66. Kxf6 Kh8
67. Kxf5 Kh7 68. Kg5 Kg7 69. h6+ Kh7 70. Kh5 Kh8 71. Kg6 Kg8 72. h7+ 1-0

[Event "Tradewise Gibraltar ChallWk1"]
[Site "Gibraltar"]
[Date "2017.01.27"]
[Round "5.28"]
[White "Eagleton, Greg T"]
[Black "Hajenius, Willem"]
[Result "1-0"]
[WhiteElo "2055"]
[BlackElo "1943"]
[PlyCount "61"]
[EventDate "2017.01.23"]
[EventType "swiss"]
[EventRounds "5"]
[EventCountry "GGB"]
[SourceTitle "BritBase"]
[Source "www.saund.co.uk"]
[SourceDate "2018.02.10"]
[SourceVersion "1"]
[SourceVersionDate "2018.02.10"]
[SourceQuality "1"]

1. d4 Nf6 2. Nf3 g6 3. Bg5 Bg7 4. Nbd2 c5 5. e3 cxd4 6. exd4 Nc6 7. c3 O-O 8.
Bd3 d6 9. O-O Qc7 10. Re1 a6 11. Rc1 e5 12. Qa4 Bd7 13. Qa3 Rad8 14. Ne4 Nd5
15. Bxd8 Qxd8 16. Qxd6 Nf4 17. Bf1 Re8 18. Nc5 Nb8 19. dxe5 Bf8 20. Qd4 Ne6 21.
Nxe6 Rxe6 22. Rcd1 b5 23. Qf4 Be7 24. Nd4 Rb6 25. e6 fxe6 26. Nxe6 Bxe6 27.
Rxd8+ Bxd8 28. Rd1 Nd7 29. Be2 g5 30. Qe4 Kg7 31. Rxd7+ 1-0

[Event "Tradewise Gibraltar ChallWk1"]
[Site "Gibraltar"]
[Date "2017.01.27"]
[Round "5.30"]
[White "Dizdar, Orkun"]
[Black "Ruiz Manrique, Joaquin"]
[Result "1-0"]
[WhiteElo "1942"]
[BlackElo "1986"]
[PlyCount "113"]
[EventDate "2017.01.23"]
[EventType "swiss"]
[EventRounds "5"]
[EventCountry "GGB"]
[SourceTitle "BritBase"]
[Source "www.saund.co.uk"]
[SourceDate "2018.02.10"]
[SourceVersion "1"]
[SourceVersionDate "2018.02.10"]
[SourceQuality "1"]

1. d4 Nf6 2. c4 c5 3. d5 b5 4. cxb5 a6 5. b6 Qxb6 6. Nc3 d6 7. Nf3 g6 8. Nd2
Bg7 9. e4 Bg4 10. Qa4+ Bd7 11. Qc2 Bb5 12. Bc4 Nbd7 13. a4 Bxc4 14. Nxc4 Qc7
15. a5 O-O 16. O-O Rab8 17. h3 Rb4 18. Na4 Nxe4 19. Qxe4 Ne5 20. Nab6 e6 21.
Rd1 Nxc4 22. Nxc4 e5 23. Bd2 f5 24. Qc2 Rbb8 25. Bc3 g5 26. Nb6 Rf6 27. Ra4 h5
28. Qe2 g4 29. hxg4 hxg4 30. g3 Kf7 31. Kg2 Rh8 32. Raa1 f4 33. Qxg4 f3+ 34.
Kg1 Rhh6 35. Rd3 Rhg6 36. Qd7+ Qxd7 37. Nxd7 Rf5 38. Ra4 Ke7 39. Nb8 Kd8 40.
Nxa6 Kc8 41. Nxc5 dxc5 42. a6 Kb8 43. a7+ Ka8 44. d6 Bf6 45. d7 Bd8 46. Ba5 Rg8
47. Bxd8 Rxd8 48. g4 Rf7 49. Kh2 Rdxd7 50. Rxd7 Rxd7 51. Kg3 Rd2 52. Kxf3 Rxb2
53. g5 Rd2 54. Ke4 Rxf2 55. Kxe5 c4 56. Rxc4 Kxa7 57. Rg4 1-0

[Event "Tradewise Gibraltar ChallWk1"]
[Site "Gibraltar"]
[Date "2017.01.27"]
[Round "5.31"]
[White "Odeh, Kenneth"]
[Black "Gonzalez Pabollet, Jesus Maria"]
[Result "1-0"]
[WhiteElo "1969"]
[BlackElo "1900"]
[PlyCount "117"]
[EventDate "2017.01.23"]
[EventType "swiss"]
[EventRounds "5"]
[EventCountry "GGB"]
[SourceTitle "BritBase"]
[Source "www.saund.co.uk"]
[SourceDate "2018.02.10"]
[SourceVersion "1"]
[SourceVersionDate "2018.02.10"]
[SourceQuality "1"]

1. e4 c5 2. Nc3 Nc6 3. g3 Nf6 4. Bg2 e5 5. d3 Nd4 6. Nce2 d6 7. c3 Ne6 8. f4
Be7 9. f5 Nc7 10. Nf3 O-O 11. O-O b6 12. h3 Bb7 13. c4 b5 14. b3 a5 15. Nc3 Qd7
16. a4 b4 17. Ne2 h6 18. Be3 Kh7 19. Qd2 Ng8 20. g4 g5 21. h4 f6 22. Kf2 Rf7
23. Rh1 Kg7 24. Rh2 Kf8 25. Rah1 Ke8 26. Ng3 Bf8 27. Nh5 Kd8 28. Ke1 Ne8 29.
Kd1 Rc8 30. Bh3 Be7 31. Rf1 Kc7 32. hxg5 hxg5 33. Ng3 Kb6 34. Bg2 Bd8 35. Rh8
Ne7 36. d4 exd4 37. Nxd4 cxd4 38. Qxd4+ Rc5 39. Rxe8 Nc6 40. Rxd8 Qxd8 41. Qb2
Ne5 42. Qe2 Ka6 43. Bxc5 dxc5+ 44. Kc2 Rd7 45. Rd1 Nd3 46. Rxd3 Rxd3 47. Qxd3
Qc7 48. Ne2 Qe5 49. Qg3 Bxe4+ 50. Bxe4 Qxe4+ 51. Kd2 Kb7 52. Qg1 Qe5 53. Qe3
Qd6+ 54. Ke1 Ka6 55. Qe6 Qb6 56. Ng3 Kb7 57. Qxb6+ Kxb6 58. Ne4 Kc6 59. Nxf6
1-0

[Event "Tradewise Gibraltar ChallWk1"]
[Site "Gibraltar"]
[Date "2017.01.27"]
[Round "5.32"]
[White "Slinger, Tony J"]
[Black "Stole, Andreas"]
[Result "1-0"]
[WhiteElo "1911"]
[BlackElo "1946"]
[PlyCount "89"]
[EventDate "2017.01.23"]
[EventType "swiss"]
[EventRounds "5"]
[EventCountry "GGB"]
[SourceTitle "BritBase"]
[Source "www.saund.co.uk"]
[SourceDate "2018.02.10"]
[SourceVersion "1"]
[SourceVersionDate "2018.02.10"]
[SourceQuality "1"]

1. e4 c5 2. Nc3 g6 3. Nge2 Bg7 4. g3 Nc6 5. Bg2 d6 6. h3 e5 7. d3 Be6 8. Nd5
Bxd5 9. exd5 Nd4 10. c3 Nb5 11. Qb3 Qb6 12. O-O Ne7 13. c4 Nc7 14. Qa4+ Kf8 15.
Rb1 Na6 16. a3 Qc7 17. Bd2 h5 18. Qc2 Nb8 19. b4 Nd7 20. bxc5 Nxc5 21. Be3 Rb8
22. d4 exd4 23. Nxd4 a6 24. Nb3 Nxb3 25. Qxb3 Nf5 26. Bb6 Qd7 27. h4 Be5 28.
Bh3 Kg7 29. Qd3 Rhe8 30. Rfe1 Re7 31. Kg2 Rbe8 32. c5 dxc5 33. Bxc5 Bd6 34.
Bxf5 gxf5 35. Rxe7 Rxe7 36. Bxd6 Qxd6 37. Qxf5 Re5 38. Qf3 b5 39. Rd1 a5 40.
Qc3 f6 41. Qxa5 Rxd5 42. Qa7+ Kg6 43. Rxd5 Qxd5+ 44. Kh2 Qf5 45. Qe3 1-0

[Event "Tradewise Gibraltar ChallWk1"]
[Site "Gibraltar"]
[Date "2017.01.27"]
[Round "5.33"]
[White "Newbry, Benjamin J"]
[Black "Mashayekh, Majid"]
[Result "1/2-1/2"]
[WhiteElo "1879"]
[BlackElo "1944"]
[PlyCount "101"]
[EventDate "2017.01.23"]
[EventType "swiss"]
[EventRounds "5"]
[EventCountry "GGB"]
[SourceTitle "BritBase"]
[Source "www.saund.co.uk"]
[SourceDate "2018.02.10"]
[SourceVersion "1"]
[SourceVersionDate "2018.02.10"]
[SourceQuality "1"]

1. f4 d5 2. Nf3 Nf6 3. e3 e6 4. b3 Be7 5. Bb2 Nbd7 6. Bb5 c6 7. Be2 Qb6 8. O-O
O-O 9. Qe1 Re8 10. Ne5 Nf8 11. d4 Ne4 12. Bd3 f6 13. Nc4 Qc7 14. Bxe4 dxe4 15.
Nbd2 b5 16. Na3 f5 17. c4 Ba6 18. Qe2 Bb4 19. cxb5 cxb5 20. Rac1 Qa5 21. Ndb1
Rac8 22. Nc2 Be7 23. Qd2 Qxd2 24. Nxd2 Rc7 25. Na3 Rec8 26. Kf2 Nd7 27. Rxc7
Rxc7 28. Rc1 Rxc1 29. Bxc1 Nb6 30. Nc2 Nd5 31. a3 Kf7 32. b4 g5 33. g3 gxf4 34.
exf4 Nc3 35. Nb3 Bb7 36. Nc5 Bc6 37. Ke3 Bf6 38. Kd2 Nd5 39. Bb2 h5 40. h4 Ke7
41. Ne3 Nxe3 42. Kxe3 Bd5 43. Bc3 Kd6 44. Bb2 Bd8 45. Kd2 a5 46. Bc1 axb4 47.
axb4 Bb6 48. Kc3 Bc4 49. Be3 Bd5 50. Bf2 Kc6 51. Be3 1/2-1/2

[Event "Tradewise Gibraltar ChallWk1"]
[Site "Gibraltar"]
[Date "2017.01.27"]
[Round "5.34"]
[White "Ruud, Kjetil"]
[Black "Miracola, Giorgia"]
[Result "0-1"]
[WhiteElo "1773"]
[BlackElo "1924"]
[PlyCount "118"]
[EventDate "2017.01.23"]
[EventType "swiss"]
[EventRounds "5"]
[EventCountry "GGB"]
[SourceTitle "BritBase"]
[Source "www.saund.co.uk"]
[SourceDate "2018.02.10"]
[SourceVersion "1"]
[SourceVersionDate "2018.02.10"]
[SourceQuality "1"]

1. e4 g6 2. d4 Bg7 3. f4 d6 4. Nf3 Nf6 5. e5 dxe5 6. fxe5 Nd5 7. c4 Nb6 8. Bf4
O-O 9. h3 c6 10. Nc3 Be6 11. b3 a5 12. a4 f6 13. Qd2 fxe5 14. Bxe5 Bxe5 15.
Nxe5 N8d7 16. Ng4 Qc7 17. Nh6+ Kg7 18. Qe3 Qf4 19. Qxe6 Qxh6 20. Ne2 Rae8 21.
g4 Qh4+ 22. Kd2 Rf6 23. Qe3 e5 24. Bg2 Rfe6 25. d5 cxd5 26. cxd5 Rd6 27. Nc3
Nf6 28. Qc5 Red8 29. Kc2 Nfxd5 30. Bxd5 Nxd5 31. Rad1 Rc6 32. Qxa5 Rxc3+ 33.
Kb2 Qf2+ 34. Ka3 Qc5+ 35. Qxc5 Rxc5 36. Rd3 Rc3 37. Rd2 Kf6 38. Kb2 Re3 39. h4
e4 40. Rd4 Ke6 41. g5 Rf8 42. Rhd1 Rf2+ 43. Ka3 Nf4 44. Rd6+ Kf5 45. Rd7 Rd3
46. Rf7+ Ke6 47. Rf6+ Kd5 48. Rc1 Rff3 49. Rc7 Rxb3+ 50. Ka2 Rfc3 51. Rxc3 Rxc3
52. Rxf4 Rf3 53. Rg4 e3 54. Rg1 e2 55. Re1 Rf2 56. Kb3 Kd4 57. Kc2 Ke3 58.
Rxe2+ Kxe2 59. Kb3 Rf4 0-1

[Event "Tradewise Gibraltar ChallWk2"]
[Site "Gibraltar"]
[Date "2017.01.28"]
[Round "1.1"]
[White "Renteria, Jorge"]
[Black "Kandic, Milan"]
[Result "1/2-1/2"]
[WhiteElo "2242"]
[BlackElo "2061"]
[PlyCount "138"]
[EventDate "2017.01.28"]
[EventType "swiss"]
[EventRounds "5"]
[EventCountry "GGB"]
[SourceTitle "BritBase"]
[Source "www.saund.co.uk"]
[SourceDate "2018.02.10"]
[SourceVersion "1"]
[SourceVersionDate "2018.02.10"]
[SourceQuality "1"]

1. e4 d6 2. d4 Nf6 3. Nc3 e5 4. Nf3 Nbd7 5. Bc4 Be7 6. a4 c6 7. O-O O-O 8. Re1
b6 9. h3 Bb7 10. Bg5 Qc7 11. Bxf6 Bxf6 12. d5 Rac8 13. dxc6 Bxc6 14. Ba6 Rcd8
15. Bb5 Bb7 16. Bxd7 Rxd7 17. Re2 a6 18. Nd5 Bxd5 19. Qxd5 Rc8 20. Ra3 Qb8 21.
c4 Rc5 22. Qd3 Qc8 23. Rc3 a5 24. Rec2 Qc6 25. b3 Qa8 26. Qe3 h6 27. g3 Kh7 28.
h4 Qd8 29. Nh2 g6 30. h5 Bg5 31. Qe2 Rcc7 32. Rd3 Qe7 33. Rcc3 Qe6 34. Rd5 Rb7
35. Rcd3 Be7 36. Kg2 g5 37. Qf3 Rbc7 38. Ng4 f6 39. Ne3 Rc5 40. Rd1 Bf8 41.
Rxc5 bxc5 42. Qf5+ Qxf5 43. Nxf5 Kg8 44. f4 gxf4 45. gxf4 exf4 46. Kf3 Kf7 47.
Kxf4 Ke6 48. Rg1 Kf7 49. Ne3 Rb7 50. Rb1 Ke6 51. Nf5 Rh7 52. Nh4 Rb7 53. Ke3
Rg7 54. Ng6 Rf7 55. Rf1 Bg7 56. Nh4 Rb7 57. Rb1 Bf8 58. Kd3 Be7 59. Kc3 Ke5 60.
Ng6+ Ke6 61. Rg1 f5 62. Nxe7 Rxe7 63. Rg6+ Ke5 64. exf5 Kxf5 65. Rxh6 Re3+ 66.
Kb2 Ke5 67. Rh8 Kd4 68. h6 Re2+ 69. Ka3 Rh2 1/2-1/2

[Event "Tradewise Gibraltar ChallWk2"]
[Site "Gibraltar"]
[Date "2017.01.28"]
[Round "1.2"]
[White "Carlsten, Peter"]
[Black "Meszaros, Andras"]
[Result "0-1"]
[WhiteElo "2047"]
[BlackElo "2240"]
[PlyCount "98"]
[EventDate "2017.01.28"]
[EventType "swiss"]
[EventRounds "5"]
[EventCountry "GGB"]
[SourceTitle "BritBase"]
[Source "www.saund.co.uk"]
[SourceDate "2018.02.10"]
[SourceVersion "1"]
[SourceVersionDate "2018.02.10"]
[SourceQuality "1"]

1. e4 b6 2. d4 Bb7 3. Nc3 e6 4. a3 d5 5. exd5 exd5 6. Nf3 Nf6 7. Bg5 Be7 8. Be2
Ne4 9. Bxe7 Qxe7 10. O-O O-O 11. Re1 Nd7 12. Nb5 c6 13. Nc3 f5 14. Na2 Kh8 15.
Nb4 Ndf6 16. Nd3 c5 17. c3 c4 18. Nde5 g5 19. Rf1 Qg7 20. Ne1 Rae8 21. f3 Nd6
22. f4 g4 23. g3 Nfe4 24. Ng2 Bc8 25. Re1 Be6 26. Bf1 Qc7 27. Nh4 Kg7 28. Bg2
Rb8 29. Bxe4 Nxe4 30. Qc2 b5 31. Ng2 a5 32. Ne3 Rb6 33. Nf1 Rfb8 34. Nd2 Qd8
35. Nxe4 dxe4 36. Re3 R8b7 37. Qd2 Bd5 38. Kf2 b4 39. axb4 axb4 40. Ra2 Qb8 41.
Re2 bxc3 42. bxc3 Rb1 43. Ke3 R7b3 44. Rc2 Qa7 45. Re1 Qa1 46. Rxb1 Rxb1 47.
Ra2 Re1+ 48. Kf2 e3+ 49. Qxe3 Rf1+ 0-1

[Event "Tradewise Gibraltar ChallWk2"]
[Site "Gibraltar"]
[Date "2017.01.28"]
[Round "1.3"]
[White "Damia, Angelo"]
[Black "Ruston, Mark R"]
[Result "1-0"]
[WhiteElo "2233"]
[BlackElo "2047"]
[PlyCount "76"]
[EventDate "2017.01.28"]
[EventType "swiss"]
[EventRounds "5"]
[EventCountry "GGB"]
[SourceTitle "BritBase"]
[Source "www.saund.co.uk"]
[SourceDate "2018.02.10"]
[SourceVersion "1"]
[SourceVersionDate "2018.02.10"]
[SourceQuality "1"]

1. e4 e6 2. d4 d5 3. Nc3 Nf6 4. Bg5 dxe4 5. Nxe4 Be7 6. Nxf6+ Bxf6 7. Bxf6 Qxf6
8. Nf3 Nc6 9. Bb5 Bd7 10. O-O Rd8 11. Bxc6 Bxc6 12. Ne5 Be4 13. c3 O-O 14. f3
Bf5 15. Qa4 Qh4 16. g3 Qh6 17. g4 f6 18. Nd7 Rf7 19. Nc5 Bg6 20. Rae1 Re7 21.
Rf2 Rde8 22. Nxb7 e5 23. d5 e4 24. d6 e3 25. Rfe2 cxd6 26. Nxd6 Rd8 27. Qb3+
Kh8 28. c4 Qf4 29. c5 Qxf3 30. Rxe3 Qxg4+ 31. Kh1 Rxe3 32. Qxe3 Qb4 33. Re2 Bh5
34. Rd2 Rb8 35. a3 Qa4 36. b4 Qc6+ 37. Kg1 a6 38. Qg3 Bg6 1-0

[Event "Tradewise Gibraltar ChallWk2"]
[Site "Gibraltar"]
[Date "2017.01.28"]
[Round "1.4"]
[White "Van Dongen, Edwin"]
[Black "Pinho, Paulo"]
[Result "1-0"]
[WhiteElo "2043"]
[BlackElo "2220"]
[PlyCount "61"]
[EventDate "2017.01.28"]
[EventType "swiss"]
[EventRounds "5"]
[EventCountry "GGB"]
[SourceTitle "BritBase"]
[Source "www.saund.co.uk"]
[SourceDate "2018.02.10"]
[SourceVersion "1"]
[SourceVersionDate "2018.02.10"]
[SourceQuality "1"]

1. f4 d5 2. Nf3 g6 3. e3 Bg7 4. Be2 Nf6 5. O-O b6 6. d3 Bb7 7. Qe1 c5 8. Nbd2
Nc6 9. Ne5 Qc7 10. Ndf3 Nd7 11. Nxd7 Qxd7 12. Qg3 e6 13. c3 Ne7 14. Bd2 O-O 15.
Qh3 f6 16. d4 a5 17. Rfe1 Ba6 18. Bxa6 Rxa6 19. e4 dxe4 20. Rxe4 f5 21. Re2 h6
22. Rae1 cxd4 23. Rxe6 Rf7 24. cxd4 Bxd4+ 25. Nxd4 Qxd4+ 26. Qe3 Qxe3+ 27.
R1xe3 Kf8 28. Rd3 Ra8 29. Rxb6 Ke8 30. Bc3 g5 31. Rxh6 1-0

[Event "Tradewise Gibraltar ChallWk2"]
[Site "Gibraltar"]
[Date "2017.01.28"]
[Round "1.5"]
[White "Galmandakh, Badrakh"]
[Black "Hamer, Martyn"]
[Result "1/2-1/2"]
[WhiteElo "2215"]
[BlackElo "2039"]
[PlyCount "53"]
[EventDate "2017.01.28"]
[EventType "swiss"]
[EventRounds "5"]
[EventCountry "GGB"]
[SourceTitle "BritBase"]
[Source "www.saund.co.uk"]
[SourceDate "2018.02.10"]
[SourceVersion "1"]
[SourceVersionDate "2018.02.10"]
[SourceQuality "1"]

1. g3 f5 2. Bg2 Nf6 3. f4 d6 4. d3 Nc6 5. Nc3 e5 6. e4 Be7 7. exf5 Bxf5 8. Nf3
O-O 9. O-O Qd7 10. fxe5 dxe5 11. Be3 Ng4 12. Qd2 Nd4 13. Nd1 Rae8 14. Nxd4 exd4
15. Bf4 Bc5 16. b4 Bb6 17. a4 c6 18. a5 Bd8 19. h3 Nf6 20. Nf2 Nd5 21. Bxd5+
Qxd5 22. Rae1 Qd7 23. Kh2 h6 24. Rxe8 Rxe8 25. Re1 a6 26. g4 Bg6 27. Ne4
1/2-1/2

[Event "Tradewise Gibraltar ChallWk2"]
[Site "Gibraltar"]
[Date "2017.01.28"]
[Round "1.6"]
[White "Wilen, Eero"]
[Black "Verneuil, Pascal"]
[Result "1/2-1/2"]
[WhiteElo "2035"]
[BlackElo "2215"]
[PlyCount "131"]
[EventDate "2017.01.28"]
[EventType "swiss"]
[EventRounds "5"]
[EventCountry "GGB"]
[SourceTitle "BritBase"]
[Source "www.saund.co.uk"]
[SourceDate "2018.02.10"]
[SourceVersion "1"]
[SourceVersionDate "2018.02.10"]
[SourceQuality "1"]

1. d4 Nf6 2. c4 e6 3. Nc3 c5 4. Nf3 cxd4 5. Nxd4 Bb4 6. Qc2 Nc6 7. Nxc6 bxc6 8.
a3 Be7 9. Bg5 Qa5 10. Bh4 d5 11. e3 O-O 12. Bd3 h6 13. O-O Ba6 14. b4 Qd8 15.
cxd5 Bxd3 16. Qxd3 cxd5 17. Rfc1 Ng4 18. Bg3 Bf6 19. h3 Ne5 20. Bxe5 Bxe5 21.
Ra2 Rc8 22. Rac2 Qb6 23. Na4 Rxc2 24. Rxc2 Qb8 25. Qa6 d4 26. e4 Rd8 27. Nc5
Rd6 28. Qd3 g6 29. g3 Bg7 30. f4 e5 31. f5 Qb6 32. Kg2 Rc6 33. fxg6 Rxg6 34.
Qc4 h5 35. Rf2 Rf6 36. Rc2 Qc6 37. b5 Qd6 38. Nd3 h4 39. Qc5 Qxc5 40. Rxc5 hxg3
41. Rc6 Kf8 42. Rxf6 Bxf6 43. Kxg3 Be7 44. a4 f5 45. Kf3 fxe4+ 46. Kxe4 Bd6 47.
a5 Bc7 48. a6 Ke7 49. Nb4 Kd6 50. h4 Kc5 51. Nd5 d3 52. Ne3 Kxb5 53. Kxd3 Bd8
54. h5 Bg5 55. Nf5 Kxa6 56. h6 Bxh6 57. Nxh6 Kb5 58. Ng4 e4+ 59. Kxe4 a5 60.
Kd3 Kb4 61. Ne3 Kb3 62. Nc2 a4 63. Kd2 Kb2 64. Kd3 Kb3 65. Kd2 Kb2 66. Kd3
1/2-1/2

[Event "Tradewise Gibraltar ChallWk2"]
[Site "Gibraltar"]
[Date "2017.01.28"]
[Round "1.10"]
[White "Krokay, Urszula"]
[Black "Kulkarni, Chinmay"]
[Result "0-1"]
[WhiteElo "2018"]
[BlackElo "2208"]
[PlyCount "60"]
[EventDate "2017.01.28"]
[EventType "swiss"]
[EventRounds "5"]
[EventCountry "GGB"]
[SourceTitle "BritBase"]
[Source "www.saund.co.uk"]
[SourceDate "2018.02.10"]
[SourceVersion "1"]
[SourceVersionDate "2018.02.10"]
[SourceQuality "1"]

1. e4 c5 2. Nf3 a6 3. Nc3 Nc6 4. d4 cxd4 5. Nxd4 e6 6. Be3 Qc7 7. Be2 Nf6 8.
O-O Bb4 9. Nxc6 bxc6 10. Qd4 Bd6 11. h3 e5 12. Qd2 O-O 13. Rfd1 Bb4 14. Bf3 Rb8
15. a3 Be7 16. Na4 d5 17. exd5 cxd5 18. Bxd5 Nxd5 19. Qxd5 Rd8 20. Qf3 Bb7 21.
Qg4 Qxc2 22. Rxd8+ Rxd8 23. Rc1 Qb3 24. Bb6 h5 25. Qxh5 Qd5 26. Qg4 Rd6 27. Rc5
Qd1+ 28. Kh2 Qxg4 29. hxg4 Rh6+ 30. Kg3 Bh4+ 0-1